[Event "World Blitz 2025"]
[Site "Doha QAT"]
[Date "2025.12.29"]
[Round "10.87"]
[White "Lobanov, Sergei"]
[Black "Nurgaliyev, Sauat"]
[Result "1-0"]
[WhiteTitle "GM"]
[BlackTitle "IM"]
[WhiteElo "2527"]
[BlackElo "2437"]
[WhiteFideId "24183750"]
[BlackFideId "13726285"]
[EventDate "2025.12.29"]

1. d4 d6 2. e4 Nf6 3. Nc3 e5 4. Nf3 Nbd7 5. Bc4 Be7 6. O-O O-O 7. h3 c6 8. a4 a5
9. Re1 h6 10. Be3 Re8 11. Qd2 Bf8 12. Ba2 Qc7 13. Rad1 exd4 14. Bxd4 Ne5 15. Nh4
Be6 16. Bxe6 Rxe6 17. Nf5 Rae8 18. b3 Ng6 19. Ng3 Ne5 20. Re2 Ned7 21. Rde1 g6
22. Be3 Kh7 23. Bd4 Bg7 24. Rd1 Nc5 25. Rde1 Ncd7 26. Qf4 Ne5 27. Qe3 Ned7 28.
Qd2 R6e7 29. Be3 Re6 30. Bf4 Nc5 31. Rd1 Rd8 32. e5 dxe5 33. Qxd8 Qxd8 34. Rxd8
exf4 35. Nf1 Nd5 36. Rxe6 Nxe6 37. Rxd5 cxd5 38. Nxd5 Nd4 39. Nxf4 Nxc2 40. Nd2
Bc3 41. Nc4 Na1 42. Nd5 Bb4 43. Nxb4 axb4 44. Nd2 Nc2 45. Kf1 Nd4 46. f4 Kg7 47.
Kf2 Kf6 48. Ke3 Nf5+ 1-0

[Event "World Blitz 2025"]
[Site "Doha QAT"]
[Date "2025.12.29"]
[Round "10.88"]
[White "Meng, Yihan"]
[Black "Samunenkov, Ihor"]
[Result "0-1"]
[WhiteTitle "IM"]
[BlackTitle "GM"]
[WhiteElo "2456"]
[BlackElo "2584"]
[WhiteFideId "8631891"]
[BlackFideId "14187086"]
[EventDate "2025.12.29"]

1. e4 c6 2. d4 d5 3. exd5 cxd5 4. Bd3 Nf6 5. c3 Bg4 6. Qb3 Qc7 7. h3 Bd7 8. Nf3
e6 9. O-O Bd6 10. Re1 Bc6 11. a4 Nbd7 12. Na3 a6 13. Nc2 b6 14. Bd2 O-O 15. Ne3
Ne4 16. Rac1 Ndf6 17. c4 Nxd2 18. Nxd2 Qd7 19. cxd5 Bxd5 20. Nxd5 Nxd5 21. Nc4
Bf4 22. Rc2 b5 23. axb5 Qxb5 24. Qxb5 axb5 25. Ne5 Nb4 26. Rc3 Bd2 27. Rb1 Bxc3
28. bxc3 Nxd3 29. Nxd3 Ra3 30. Rxb5 Rxc3 31. Ne5 Rc1+ 32. Kh2 Rd1 33. Nf3 h6 34.
Kg3 Rc8 35. Rb2 Rdc1 36. Rb5 f6 37. d5 e5 38. Nd2 R1c5 39. Rb7 Rxd5 40. Ne4 f5 0-1

[Event "World Blitz 2025"]
[Site "Doha QAT"]
[Date "2025.12.29"]
[Round "10.89"]
[White "Al Hosani, Omran"]
[Black "Ganguly, Surya Shekhar"]
[Result "0-1"]
[WhiteTitle "IM"]
[BlackTitle "GM"]
[WhiteElo "2340"]
[BlackElo "2568"]
[WhiteFideId "9308733"]
[BlackFideId "5002150"]
[EventDate "2025.12.29"]

1. d3 d5 2. Nd2 Nf6 3. e4 e5 4. Ngf3 Nc6 5. c3 a5 6. Be2 Bc5 7. O-O dxe4 8. dxe4
O-O 9. Qc2 Qe7 10. a4 h6 11. Nc4 b6 12. Be3 Ba6 13. Bxc5 Qxc5 14. b3 g6 15. h3
Kg7 16. Rfd1 Rad8 17. g3 Bc8 18. Kg2 Be6 19. Ne1 Qe7 20. Nf3 Bc8 21. Ne3 Bb7 22.
Nd5 Nxd5 23. exd5 Nb8 24. c4 c6 25. dxc6 Nxc6 26. Kg1 e4 27. Qc3+ Qf6 28. Qxf6+
Kxf6 29. Ne1 Nd4 30. Bf1 Rd6 31. Rab1 Rfd8 32. Rdc1 Rc8 33. Rc3 Nc6 34. Bg2 Nb4
35. Nc2 Ke5 36. Nxb4 axb4 37. Re3 f5 38. Rbe1 Rcd8 39. f3 Rd3 40. fxe4 Rxe3 41.
Rxe3 Bxe4 42. Bf1 Rd2 43. Re2 Rxe2 44. Bxe2 Bc2 45. c5 bxc5 46. a5 Bxb3 47. a6
Bd5 48. Kf2 b3 49. Bd3 c4 50. Bb1 c3 51. a7 c2 0-1

[Event "World Blitz 2025"]
[Site "Doha QAT"]
[Date "2025.12.29"]
[Round "10.90"]
[White "Aravindh, Chithambaram VR."]
[Black "Droin, Augustin"]
[Result "0-1"]
[WhiteTitle "GM"]
[BlackTitle "IM"]
[WhiteElo "2703"]
[BlackElo "2480"]
[WhiteFideId "5072786"]
[BlackFideId "45105987"]
[EventDate "2025.12.29"]

1. e4 c5 2. Nf3 d6 3. d4 cxd4 4. Nxd4 Nf6 5. Nc3 Bd7 6. g3 e5 7. Nb3 Bc6 8. Bg2
Be7 9. O-O O-O 10. a4 a5 11. Bg5 Nbd7 12. Be3 Qc7 13. Qe2 Rfc8 14. Rfd1 b6 15.
Rd2 Qb7 16. Bg5 h6 17. Bxf6 Nxf6 18. Rad1 Rc7 19. Nb5 Bxb5 20. Qxb5 Qc6 21. Qxc6
Rxc6 22. f3 Rc4 23. Ra1 Rb4 24. Bf1 Rd8 25. c3 Rxb3 26. Bc4 Rxc3 27. bxc3 Rc8
28. Bb5 Rxc3 29. Kg2 g5 30. Re1 h5 31. Ree2 g4 32. Rd3 Rc1 33. f4 h4 34. h3 exf4
35. gxf4 Nh5 36. Rf2 g3 37. Rd5 gxf2 38. Rxh5 d5 39. Rxd5 Bc5 40. Bf1 Ra1 41. e5
Rxa4 42. f5 Rd4 43. Rxd4 Bxd4 44. e6 fxe6 45. fxe6 Kf8 46. Bb5 Ke7 47. Bd7 Bc5
48. Kf1 Kf6 49. Ke2 Ke5 50. Kf1 Kf4 51. e7 Bxe7 52. Kxf2 Ke4 53. Ke2 Kd4 54. Kd2
Kc4 55. Kc2 b5 56. Be6+ Kc5 57. Bd7 Bf6 58. Be8 a4 59. Bd7 Kb4 60. Be8 Ka5 61.
Bd7 b4 62. Be6 Kb6 63. Bf7 Kc5 64. Bg8 b3+ 65. Kd3 Kb4 0-1

[Event "World Blitz 2025"]
[Site "Doha QAT"]
[Date "2025.12.29"]
[Round "10.91"]
[White "Dudin, Gleb"]
[Black "Alekseenko, Kirill"]
[Result "0-1"]
[WhiteTitle "GM"]
[BlackTitle "GM"]
[WhiteElo "2585"]
[BlackElo "2659"]
[WhiteFideId "34184934"]
[BlackFideId "4135539"]
[EventDate "2025.12.29"]

1. c4 e5 2. Nc3 d6 3. g3 Nc6 4. Bg2 g6 5. Rb1 Bg7 6. b4 f5 7. b5 Nd4 8. e3 Ne6
9. d3 Nf6 10. Nge2 h5 11. h4 O-O 12. a4 a6 13. O-O axb5 14. axb5 Ng4 15. f3 Nh6
16. f4 Ng4 17. Bf3 exf4 18. exf4 Nd4 19. Bxg4 hxg4 20. Bb2 Nf3+ 21. Kg2 c6 22.
Ra1 Rxa1 23. Qxa1 Re8 24. Ng1 Nxg1 25. Rxg1 Qe7 26. Rf1 Qe3 27. Qd1 Bd7 28. Rf2
cxb5 29. Nd5 Bc6 30. Bxg7 Bxd5+ 31. cxd5 Kxg7 32. Qa1+ Kf7 33. Qc3 Qc5 34. Qb3
Re1 35. Qa2 Qc1 36. Re2 Rg1+ 37. Kf2 Qf1+ 38. Ke3 Qc1+ 39. Kf2 Rf1+ 40. Kg2 Rh1 0-1

[Event "World Blitz 2025"]
[Site "Doha QAT"]
[Date "2025.12.29"]
[Round "10.92"]
[White "Santos Latasa, Jaime"]
[Black "Raja, Harshit"]
[Result "1-0"]
[WhiteTitle "GM"]
[BlackTitle "GM"]
[WhiteElo "2616"]
[BlackElo "2472"]
[WhiteFideId "2293307"]
[BlackFideId "5089000"]
[EventDate "2025.12.29"]

1. e4 c5 2. Nf3 d6 3. Nc3 Nf6 4. d4 cxd4 5. Qxd4 Nc6 6. Qe3 g6 7. h3 Bg7 8. Bc4
O-O 9. O-O Nd7 10. Rd1 Qb6 11. Qf4 Bxc3 12. bxc3 Qc5 13. Bd5 Nf6 14. c4 Na5 15.
Bb2 Nxc4 16. Bxf6 exf6 17. Qxf6 Nb6 18. Bb3 Nc4 19. Rd5 Qc7 20. Qc3 b5 21. Rxb5
Ba6 22. Rd5 Rac8 23. Rad1 Rfd8 24. h4 h5 25. Qf6 Bb7 26. R5d4 Ba6 27. e5 d5 28.
Qxa6 1-0

[Event "World Blitz 2025"]
[Site "Doha QAT"]
[Date "2025.12.29"]
[Round "10.93"]
[White "Kobalia, Mikhail"]
[Black "Dardha, Daniel"]
[Result "1/2-1/2"]
[WhiteTitle "GM"]
[BlackTitle "GM"]
[WhiteElo "2537"]
[BlackElo "2603"]
[WhiteFideId "4119150"]
[BlackFideId "240990"]
[EventDate "2025.12.29"]

1. e4 c5 2. Nf3 d6 3. Bb5+ Bd7 4. c4 Bxb5 5. cxb5 Nf6 6. Nc3 a6 7. bxa6 Nxa6 8.
O-O g6 9. e5 dxe5 10. Nxe5 Bg7 11. Qb3 O-O 12. Qxb7 Nb4 13. Nc6 Qd6 14. Nxb4
cxb4 15. Ne4 Nxe4 16. Qxe4 Rac8 17. d3 Rfd8 18. Bd2 b3 19. axb3 Qxd3 20. Qxd3
Rxd3 21. Bc3 Bxc3 22. Rfc1 Rb8 23. bxc3 Rxb3 24. c4 Rd6 25. g3 Rc6 26. Ra7 e6
27. Kg2 Rb8 28. Kf3 Rbc8 29. Ra4 Rc5 1/2-1/2

[Event "World Blitz 2025"]
[Site "Doha QAT"]
[Date "2025.12.29"]
[Round "10.94"]
[White "Mitrabha, Guha"]
[Black "Krallis, Christos"]
[Result "1-0"]
[WhiteTitle "GM"]
[BlackTitle "IM"]
[WhiteElo "2508"]
[BlackElo "2416"]
[WhiteFideId "5057000"]
[BlackFideId "4298896"]
[EventDate "2025.12.29"]

1. c4 e6 2. g3 d5 3. Bg2 Nf6 4. Nf3 Be7 5. O-O O-O 6. d3 Nc6 7. Nc3 d4 8. Nb5 a6
9. Na3 e5 10. Bg5 Nd7 11. Bxe7 Qxe7 12. Nc2 a5 13. e3 dxe3 14. Nxe3 Nf6 15. Re1
Qc5 16. a3 Rd8 17. Qc2 h6 18. Qc3 Nd4 19. b4 axb4 20. axb4 Rxa1 21. bxc5 Ne2+
22. Kf1 Nxc3 23. Rxa1 e4 24. dxe4 Ncxe4 25. c6 bxc6 26. Ne5 Be6 27. Ra2 Rb8 28.
Bxe4 Nxe4 29. Ke2 Rb6 30. h4 Kh7 31. Kf3 Nc5 32. Ra5 Nb3 33. Ra7 f6 34. Nd3 Nd2+
35. Ke2 Nxc4 36. Rxc7 Nxe3 37. Kxe3 Bd5 38. Nf4 Rb3+ 39. Kd4 Rf3 40. Nh5 Kg6 41.
Nf4+ Kh7 42. Nh5 Kg6 43. g4 Bf7 44. Ke4 Bd5+ 45. Kd4 Bf7 46. Ra7 Rxf2 47. Ke3
Rh2 48. Nf4+ Kh7 49. Rxf7 Rxh4 50. Kf3 Rh1 51. Nh5 f5 52. Kg2 Rh4 53. Rxg7+ Kh8
54. Rc7 Rxg4+ 55. Kf3 Rg6 56. Kf4 Kg8 57. Ke5 Kf8 58. Nf6 Rg7 59. Rc8+ Ke7 60.
Re8+ Kf7 61. Ra8 Kg6 62. Ke6 Kg5 63. Ra1 1-0

[Event "World Blitz 2025"]
[Site "Doha QAT"]
[Date "2025.12.29"]
[Round "10.95"]
[White "Anton Guijarro, David"]
[Black "Iniyan, Pa"]
[Result "0-1"]
[WhiteTitle "GM"]
[BlackTitle "GM"]
[WhiteElo "2646"]
[BlackElo "2598"]
[WhiteFideId "2285525"]
[BlackFideId "25002767"]
[EventDate "2025.12.29"]

1. d4 Nf6 2. Nf3 e6 3. Bg5 Be7 4. Nbd2 d5 5. e3 c5 6. c3 Nc6 7. Bd3 h6 8. Bh4 g5
9. Bg3 a6 10. Ne5 Nd7 11. Qh5 Ndxe5 12. dxe5 Bd7 13. O-O Qb6 14. Rab1 O-O-O 15.
b4 c4 16. Bc2 Be8 17. Qe2 h5 18. f4 gxf4 19. Bxf4 f6 20. Nf3 fxe5 21. Nxe5 Rg8
22. a4 Bf6 23. Nxc6 Bxc6 24. b5 axb5 25. axb5 Be8 26. Qd2 e5 27. Bg3 Bg5 28. Bf2
h4 29. Bf5+ Bd7 30. Bxd7+ Rxd7 31. Qe2 Rdg7 32. Kh1 e4 33. Rbd1 Qe6 34. Qd2 Rd8
35. h3 Be7 36. Qe2 Rxg2 37. Kxg2 Rg8+ 38. Bg3 Rxg3+ 39. Kf2 Qxh3 40. Rh1 Rg2+ 0-1

[Event "World Blitz 2025"]
[Site "Doha QAT"]
[Date "2025.12.29"]
[Round "10.96"]
[White "Sapenov, Daniyal"]
[Black "Vakhidov, Jakhongir"]
[Result "1-0"]
[WhiteTitle "IM"]
[BlackTitle "GM"]
[WhiteElo "2440"]
[BlackElo "2516"]
[WhiteFideId "13728911"]
[BlackFideId "14201801"]
[EventDate "2025.12.29"]

1. e4 d5 2. exd5 Qxd5 3. Nc3 Qd6 4. d4 Nf6 5. Nf3 g6 6. Nb5 Qd8 7. Bf4 Nd5 8.
Be5 f6 9. Bg3 c6 10. Nc3 Nxc3 11. bxc3 Qa5 12. Bd3 Qxc3+ 13. Kf1 Bh6 14. Rb1 Nd7
15. h4 Nb6 16. h5 Bf5 17. hxg6 Bxd3+ 18. cxd3 hxg6 19. Bc7 Kf7 20. Qe2 Nd5 21.
Re1 Rae8 22. Qe6+ Kg7 23. Bg3 Qxd3+ 24. Kg1 Qf5 25. Qe2 Bf4 26. Nh4 Qh5 27. Qe6
Bxg3 28. fxg3 Qg5 29. Rh3 Rd8 30. Kh2 a5 31. Qe4 Rd7 32. Qe6 Rd6 33. Qe4 e6 34.
Qb1 b5 35. Qc2 Rhd8 36. Nf3 Qf5 37. Qc1 g5 38. Rh1 Rh8 39. Rxh8 Kxh8 40. Qc5 Rd8
41. Qa7 Kg8 42. Qxa5 Rf8 43. Re1 Re8 44. Qa6 Qc2 45. Qb7 Re7 46. Qc8+ Kf7 47.
Qh8 Qg6 48. Rf1 Nc3 49. Ne5# 1-0

[Event "World Blitz 2025"]
[Site "Doha QAT"]
[Date "2025.12.29"]
[Round "10.69"]
[White "Chigaev, Maksim"]
[Black "Harikrishnan, A. Ra"]
[Result "1-0"]
[WhiteTitle "GM"]
[BlackTitle "GM"]
[WhiteElo "2626"]
[BlackElo "2531"]
[WhiteFideId "4108116"]
[BlackFideId "5081483"]
[EventDate "2025.12.29"]

1. Nf3 d5 2. g3 c6 3. Bg2 Bf5 4. O-O e6 5. d3 h6 6. c4 dxc4 7. d4 Nf6 8. Ne5 Be4
9. Bxe4 Nxe4 10. Nxc4 Nd7 11. Nc3 Nd6 12. Nd2 Be7 13. Nf3 O-O 14. e4 c5 15. d5
exd5 16. e5 Nf5 17. Qxd5 Nd4 18. Nxd4 cxd4 19. Qxd4 Nc5 20. Be3 Qxd4 21. Bxd4
Nd3 22. Nd5 Bc5 23. Bxc5 Nxc5 24. Rfd1 Rfd8 25. Rac1 Ne6 26. f4 Kf8 27. Kf2 Rac8
28. Rxc8 Rxc8 29. Ne3 Nc5 30. Kf3 b6 31. b3 g6 32. Nc4 Rc7 33. g4 Ke7 34. f5
gxf5 35. gxf5 b5 36. Ne3 Rd7 37. Rxd7+ Kxd7 38. Ng4 h5 39. Nf6+ Kc6 40. Nxh5 Kd5
41. e6 fxe6 42. Nf4+ Ke5 43. fxe6 Kf6 44. h4 Na6 45. h5 Kg5 46. Nd5 1-0

[Event "World Blitz 2025"]
[Site "Doha QAT"]
[Date "2025.12.29"]
[Round "10.70"]
[White "Chasin, Nico"]
[Black "Bai, Jinshi"]
[Result "0-1"]
[WhiteTitle "IM"]
[BlackTitle "GM"]
[WhiteElo "2517"]
[BlackElo "2599"]
[WhiteFideId "30908477"]
[BlackFideId "8602280"]
[EventDate "2025.12.29"]

1. d4 d5 2. c4 e6 3. Nc3 h6 4. Nf3 Nf6 5. Bf4 c5 6. e3 a6 7. dxc5 Bxc5 8. a3 O-O
9. Qc2 dxc4 10. Bxc4 b5 11. Be2 Nbd7 12. O-O Bb7 13. Rfd1 Rc8 14. Ne5 Qe8 15.
Nxd7 Nxd7 16. Rac1 Nb6 17. Qd2 e5 18. Bg3 Qe6 19. Bf3 Bxf3 20. gxf3 Be7 21. Nd5
Nxd5 22. Rxc8 Rxc8 23. Qxd5 Rd8 24. Qxd8+ Bxd8 25. Rxd8+ Kh7 26. Kg2 f6 27. Rd2
e4 28. fxe4 Qxe4+ 29. Kf1 h5 30. h4 a5 31. Kg1 b4 32. axb4 axb4 33. Kh2 b3 34.
Bf4 Kg6 35. Kg3 Qh1 36. f3 Qe1+ 37. Rf2 Kf5 38. e4+ Ke6 39. Kg2 g6 40. Bg3 Qe3
41. Kh2 g5 42. Kg2 g4 43. fxg4 Qxe4+ 44. Kh2 hxg4 45. Rf4 Qd5 46. Rf2 f5 47.
Re2+ Kf7 48. h5 f4 49. Bxf4 Qf3 0-1

[Event "World Blitz 2025"]
[Site "Doha QAT"]
[Date "2025.12.29"]
[Round "10.71"]
[White "Puranik, Abhimanyu"]
[Black "Begmuratov, Khumoyun"]
[Result "1-0"]
[WhiteTitle "GM"]
[BlackTitle "IM"]
[WhiteElo "2622"]
[BlackElo "2451"]
[WhiteFideId "5061245"]
[BlackFideId "14210207"]
[EventDate "2025.12.29"]

1. e4 e5 2. Nf3 Nc6 3. Bc4 d6 4. Nc3 Be7 5. O-O Bg4 6. h3 Bh5 7. d3 Na5 8. a4
Nxc4 9. dxc4 Nf6 10. a5 a6 11. Qd3 O-O 12. b3 Nd7 13. g4 Bg6 14. Be3 h5 15. Nd5
hxg4 16. hxg4 Nf6 17. Nxf6+ Bxf6 18. Kg2 Qd7 19. Kg3 Be7 20. Rh1 Qe6 21. Rh3 f6
22. Nh4 Bh7 23. Nf5 g6 24. Qd5 Qxd5 25. Nxe7+ Kf7 26. Rxh7+ 1-0

[Event "World Blitz 2025"]
[Site "Doha QAT"]
[Date "2025.12.29"]
[Round "10.72"]
[White "Gholami Orimi, Mahdi"]
[Black "Piliposyan, Robert"]
[Result "1-0"]
[WhiteTitle "GM"]
[BlackTitle "IM"]
[WhiteElo "2515"]
[BlackElo "2442"]
[WhiteFideId "12558486"]
[BlackFideId "13309978"]
[EventDate "2025.12.29"]

1. d4 Nf6 2. c4 c5 3. d5 b5 4. cxb5 a6 5. bxa6 e6 6. dxe6 fxe6 7. Nf3 Bxa6 8. g3
d5 9. Bh3 Qb6 10. O-O Be7 11. Nc3 Bb7 12. b3 Nbd7 13. Bf4 d4 14. Na4 Qc6 15. Rc1
e5 16. Bg5 O-O 17. Bg2 Qb5 18. Nd2 Bxg2 19. Kxg2 e4 20. Bxf6 Nxf6 21. Qc2 Qb7
22. Kg1 Rac8 23. f3 exf3 24. exf3 Nd5 25. Nc4 Nb4 26. Qg2 d3 27. Nc3 Rcd8 28.
Ne4 Qd5 29. Kh1 Qd4 30. Rcd1 Bf6 31. Rd2 h5 32. Rfd1 Qd7 33. a3 Na6 34. Nf2 Bd4
35. Nxd3 Qb5 36. Nc1 h4 37. gxh4 Rf4 38. Ne2 Rxh4 39. Qg5 Rxh2+ 40. Kxh2 Qb8+
41. Kg2 Re8 42. Nxd4 cxd4 43. Qd5+ Kf8 44. Nd6 Re7 45. Rxd4 1-0

[Event "World Blitz 2025"]
[Site "Doha QAT"]
[Date "2025.12.29"]
[Round "10.73"]
[White "Sankalp, Gupta"]
[Black "Lodici, Lorenzo"]
[Result "0-1"]
[WhiteTitle "GM"]
[BlackTitle "GM"]
[WhiteElo "2557"]
[BlackElo "2590"]
[WhiteFideId "5097010"]
[BlackFideId "884189"]
[EventDate "2025.12.29"]

1. e4 e5 2. d3 Nf6 3. f4 exf4 4. Bxf4 d5 5. e5 Nfd7 6. Nf3 c5 7. Nc3 Nb6 8. a4
Be6 9. a5 N6d7 10. Be2 Nc6 11. O-O Be7 12. Kh1 Nxa5 13. Nb5 Nc6 14. Nd6+ Bxd6
15. exd6 O-O 16. d4 c4 17. Ng5 Nf6 18. c3 Qd7 19. Be5 Ne4 20. Nxe4 dxe4 21. Bg3
Bd5 22. b3 b5 23. bxc4 bxc4 24. Qa4 Qe6 25. Rab1 Rab8 26. Kg1 h6 27. Qa3 e3 28.
Rxb8 Rxb8 29. Qc5 Rb2 30. Re1 Qe4 31. Bf3 Rxg2+ 32. Kxg2 Qxf3+ 33. Kh3 Be6+ 0-1

[Event "World Blitz 2025"]
[Site "Doha QAT"]
[Date "2025.12.29"]
[Round "10.74"]
[White "Balakrishnan, Praveen"]
[Black "Materia, Marco"]
[Result "1-0"]
[WhiteTitle "GM"]
[BlackTitle "IM"]
[WhiteElo "2507"]
[BlackElo "2497"]
[WhiteFideId "2064871"]
[BlackFideId "45150451"]
[EventDate "2025.12.29"]

1. e4 c5 2. Nf3 e6 3. d4 cxd4 4. Nxd4 Nc6 5. Nc3 Qc7 6. Be3 a6 7. Bd3 b5 8. Nxc6
Qxc6 9. Qf3 Bb7 10. Qg3 h5 11. h4 Nf6 12. f3 Be7 13. e5 Nd5 14. Nxd5 exd5 15.
Qxg7 O-O-O 16. Qg3 Rhg8 17. Qf2 Bb4+ 18. Bd2 Bc5 19. Qe2 Rde8 20. O-O-O f6 21.
f4 fxe5 22. fxe5 Rg4 23. Bf5 Rc4 24. Qxh5 Rxe5 25. Qh8+ Kc7 26. Qxe5+ Bd6 27.
Qe8 b4 28. Bd3 Qa4 29. Kb1 Rc5 30. b3 Qa5 31. a4 d4 32. Rhf1 Bd5 33. Bf4 Bxf4
34. Rxf4 Rc3 35. Qe5+ d6 36. Qxd4 Bxb3 37. Qa7+ Kc6 38. Be4+ d5 39. Rf6# 1-0

[Event "World Blitz 2025"]
[Site "Doha QAT"]
[Date "2025.12.29"]
[Round "10.75"]
[White "Volokitin, Andrei"]
[Black "Musovic, Armin"]
[Result "1/2-1/2"]
[WhiteTitle "GM"]
[BlackTitle "FM"]
[WhiteElo "2619"]
[BlackElo "2190"]
[WhiteFideId "14107090"]
[BlackFideId "939935"]
[EventDate "2025.12.29"]

1. e4 c6 2. d4 d5 3. e5 c5 4. dxc5 Nc6 5. f4 Nh6 6. c3 Bg4 7. Qb3 Qd7 8. h3 Bf5
9. Nf3 Be4 10. Nbd2 Nf5 11. Nxe4 dxe4 12. Ng5 e6 13. Nxe4 O-O-O 14. Nd6+ Bxd6
15. cxd6 f6 16. Bb5 fxe5 17. fxe5 Ng3 18. Rg1 a6 19. Bf4 Nh5 20. Bxc6 Qxc6 21.
Qb4 Rhf8 22. Bh2 Kb8 23. Qd4 g5 24. O-O-O Nf4 25. Rd2 Rf5 26. Rgd1 Rd7 27. Bg1
b5 28. g4 Rff7 29. Rf2 h6 30. h4 Ka8 31. hxg5 hxg5 32. Kb1 Kb8 33. Rh2 Rf8 34.
Be3 Nd5 35. Bxg5 b4 36. c4 Nb6 37. b3 Rdf7 38. Be3 Rb7 39. Rdh1 Nc8 40. Rh8 Rf3
41. Re1 Rg3 42. Bf2 Rg2 43. Qe3 Rxg4 44. Rd1 Re4 45. Qg3 Re2 46. Be1 Qe4+ 47.
Qd3 Qxd3+ 48. Rxd3 Rxe1+ 49. Kc2 Rd7 50. c5 Rxe5 51. Rd4 Rxc5+ 52. Kb2 a5 53. a3
Rd5 54. Rc4 bxa3+ 55. Kxa3 R5xd6 56. Rcxc8+ Kb7 57. Rb8+ Kc6 58. Ra8 Rd5 59.
Rhc8+ Kd6 60. Re8 Rb5 61. Ra6+ Kd5 62. Raxe6 Rdb7 63. Re5+ Kd4 64. Rxb5 Rxb5 65.
Rc8 Rc5 66. Rd8+ Kc3 67. Ka4 Rc7 68. Rd5 Rb7 69. Rc5+ Kb2 70. Rh5 Rb4+ 71. Kxa5
Rxb3 72. Rh2+ Ka3 1/2-1/2

[Event "World Blitz 2025"]
[Site "Doha QAT"]
[Date "2025.12.29"]
[Round "10.76"]
[White "Murshed, Niaz"]
[Black "Can, Emre"]
[Result "0-1"]
[WhiteTitle "GM"]
[BlackTitle "GM"]
[WhiteElo "2341"]
[BlackElo "2541"]
[WhiteFideId "10200010"]
[BlackFideId "6302181"]
[EventDate "2025.12.29"]

1. d4 g6 2. Nf3 Bg7 3. c4 Nf6 4. g3 c5 5. d5 d6 6. Bg2 O-O 7. O-O e6 8. dxe6
Bxe6 9. Ng5 Bc8 10. Nc3 Nc6 11. Bf4 Nh5 12. Qxd6 Nxf4 13. Qxd8 Nxe2+ 14. Nxe2
Rxd8 15. Bd5 Rf8 16. Nc3 Nb4 17. Bg2 Rb8 18. Rad1 b6 19. Rfe1 h6 20. Nge4 Be6
21. Bf1 Nc2 22. Re2 Nd4 23. Re3 Rbd8 24. Rc1 Rfe8 25. b3 f5 26. Nd2 Bf7 27. Nd5
Rxe3 28. fxe3 Nc6 29. Bg2 Nb4 30. Rd1 Nxa2 31. Nb1 Kf8 32. e4 Bd4+ 33. Kh1 fxe4
34. Bxe4 Re8 35. Bf3 Kg7 36. Rf1 Nb4 37. Nxb4 cxb4 38. Nd2 Re3 39. Bd5 Bxd5+ 40.
cxd5 Bc5 41. Ra1 a5 42. Nc4 Rxb3 43. Rd1 Rc3 44. Ne5 Bd6 45. Nd7 b3 46. Nxb6 b2 0-1

[Event "World Blitz 2025"]
[Site "Doha QAT"]
[Date "2025.12.29"]
[Round "10.97"]
[White "Galaviz Medina, Sion Radamantys"]
[Black "Grebnev, Aleksey"]
[Result "0-1"]
[WhiteTitle "IM"]
[BlackTitle "GM"]
[WhiteElo "2514"]
[BlackElo "2632"]
[WhiteFideId "5123119"]
[BlackFideId "34189030"]
[EventDate "2025.12.29"]

1. d4 Nf6 2. c4 e6 3. Nc3 Bb4 4. e3 d5 5. a3 Be7 6. Nf3 O-O 7. Bd3 dxc4 8. Bxc4
a6 9. O-O b5 10. Ba2 Bb7 11. Qe2 c5 12. dxc5 Bxc5 13. e4 Nc6 14. e5 Nd7 15. Be3
Bxe3 16. Qxe3 Qc7 17. Rfe1 Rad8 18. Rac1 Qb8 19. Bb1 Rfe8 20. Qf4 h6 21. h3 Ne7
22. Ne4 Ng6 23. Qg3 Bxe4 24. Rxe4 Ndf8 25. Rg4 Rc8 26. Re1 Rc4 27. h4 Rxg4 28.
Qxg4 Rd8 29. h5 Ne7 30. Qe4 Qb6 31. Rc1 Rd5 32. Qe2 Qd8 33. Be4 Rd7 34. g4 Nd5
35. Kh2 Nh7 36. Qc2 Ng5 37. Nxg5 Qxg5 38. f3 Qxe5+ 39. Kg1 Rd8 40. Qh2 Nf4 41.
Qg3 0-1

[Event "World Blitz 2025"]
[Site "Doha QAT"]
[Date "2025.12.29"]
[Round "10.98"]
[White "Suyarov, Mukhammadzokhid"]
[Black "Suleymenov, Alisher"]
[Result "1-0"]
[WhiteTitle "IM"]
[BlackTitle "GM"]
[WhiteElo "2454"]
[BlackElo "2505"]
[WhiteFideId "14210495"]
[BlackFideId "13707833"]
[EventDate "2025.12.29"]

1. d4 d5 2. Nc3 Nf6 3. Bf4 Bf5 4. e3 e6 5. Nf3 Bb4 6. Bd3 Bxd3 7. cxd3 O-O 8.
O-O Bd6 9. Bxd6 cxd6 10. Qb3 Qb6 11. Qxb6 axb6 12. Nb5 Rd8 13. a3 Nc6 14. Rfc1
h6 15. Kf1 Ra5 16. Nc3 Raa8 17. Ke2 e5 18. dxe5 dxe5 19. d4 exd4 20. Nxd4 Nxd4+
21. exd4 Rac8 22. Kd3 Kf8 23. f3 g5 24. Na4 Nd7 25. b4 h5 26. Nc3 Nf6 27. Nd1
Kg7 28. Ne3 Kg6 29. g3 Rc6 30. Rxc6 bxc6 31. Rc1 Ra8 32. Rxc6 Rxa3+ 33. Kd2 Ra2+
34. Kd1 Kg7 35. Nf5+ Kg6 36. Nd6 Kg7 37. h4 g4 38. Nf5+ Kg6 39. fxg4 hxg4 40.
Ne3 Kg7 41. Rxb6 Ne4 42. Nf5+ Kh7 43. b5 Nc3+ 44. Ke1 Re2+ 45. Kf1 Rb2 46. Rh6+
Kg8 47. b6 Na4 48. Rh5 f6 49. Ne7+ Kg7 50. Nxd5 Nxb6 51. Nxb6 Rxb6 52. Rf5 Rb3
53. Kg2 Rd3 54. Rf4 f5 55. Rxf5 Rxd4 56. Rf4 Rd2+ 57. Kf1 Kg6 58. Rxg4+ Kh5 59.
Rf4 Ra2 60. Kg1 Rb2 61. Kf1 Ra2 62. Ke1 Rb2 63. Kd1 Ra2 64. Rf5+ Kh6 65. Rf4 Rg2
66. Rf5 1-0

[Event "World Blitz 2025"]
[Site "Doha QAT"]
[Date "2025.12.29"]
[Round "10.99"]
[White "Bilguun, Sumiya"]
[Black "Tin, Jingyao"]
[Result "1/2-1/2"]
[WhiteTitle "GM"]
[BlackTitle "GM"]
[WhiteElo "2442"]
[BlackElo "2584"]
[WhiteFideId "4901541"]
[BlackFideId "5804418"]
[EventDate "2025.12.29"]

1. e4 e5 2. Nf3 Nc6 3. d4 exd4 4. Nxd4 Nf6 5. Nc3 Bb4 6. Nxc6 bxc6 7. Bd3 O-O 8.
O-O d5 9. exd5 cxd5 10. Bg5 c6 11. Qf3 Re8 12. Bxf6 Qxf6 13. Qxf6 gxf6 14. Ne2
Bd7 15. Ng3 Re5 16. f4 Bc5+ 17. Kh1 Re3 18. Nh5 Bd4 19. Rab1 Bg4 20. Ng3 Rae8
21. b3 h5 22. h3 Rxg3 23. hxg4 hxg4 24. Rbe1 Rge3 25. Rxe3 Rxe3 26. Kh2 Kg7 27.
Bf5 Re2 28. Kg3 Bc3 29. Bd3 Rd2 30. Rh1 Bd4 31. Rh7+ Kg8 32. Rh5 a5 33. a4 Bb6
34. Rh6 Bd4 35. Rh5 Be3 36. Rh6 Kg7 37. Rh7+ Kg8 38. Rh6 Bd4 39. Rh5 Rf2 40. Rh4
Rd2 41. Rxg4+ Kf8 42. Kh3 c5 43. Rh4 c4 44. bxc4 dxc4 45. Bxc4 Rxc2 46. Bb5 Rc3+
47. Kg4 Ke7 48. Rh1 Bf2 49. Rd1 Rg3+ 50. Kf5 Rxg2 51. Rd7+ Kf8 52. Bc4 Ke8 53.
Rxf7 Bd4 54. Rb7 Bc3 55. Ke6 Kd8 56. Bb5 Rd2 57. Rh7 Kc8 58. Rh1 Kb7 59. Rc1 Bb2
60. Rc4 Re2+ 61. Kd7 Rd2+ 62. Ke6 Bd4 63. Kf5 Bb2 64. Rc5 Bd4 65. Rd5 Bc3 66.
Rc5 Bd4 67. Rc4 Bb2 68. Rc6 Bd4 69. Rd6 Bc3 70. Re6 Rf2 71. Re3 Be5 72. Re4 Kb6
73. Kg4 Bc3 74. Rc4 Bd2 75. Rc6+ Kb7 76. Rxf6 Rg2+ 77. Kf3 Rg1 78. Ke2 Bc3 79.
Re6 Rg3 80. f5 Rg4 81. Kf3 Rg8 82. Ke4 Rg4+ 83. Kd5 Rd4+ 84. Kc5 Rf4 85. Re7+
Kc8 86. Kc6 Kd8 87. Rd7+ Ke8 88. Rd5 Ke7 89. Kb6 Kf6 90. Bd7 Rb4+ 91. Ka6 Rf4
92. Rxa5 Bxa5 93. Kxa5 Ke7 94. Be6 Kd6 95. Kb5 Rf1 96. a5 Rb1+ 97. Ka4 Ra1+ 98.
Kb4 Rb1+ 99. Bb3 Ke5 100. a6 Ra1 101. Ba4 Rc1 102. Bd7 Rb1+ 103. Ka5 Kd6 104. a7
Kc7 1/2-1/2